Hotel Lomnica, znovuzrodené kultúrne centrum Tatier
Zrekonštruovaný prvorepublikový Hotel Lomnica vykročil do nového života. Prvý rok fungovania vyhodnocuje jeho riaditeľka Zuzana Kovaľová a zároveň načrtáva jasnú líniu do budúcnosti.
Salvato in:
| Autore principale: | |
|---|---|
| Altri autori: | |
| Natura: | Capitolo di libro |
| Lingua: | slovacco |
| Soggetti: | |
| Tags: |
Nessun Tag, puoi essere il primo ad aggiungerne!!
|
MARC
| LEADER | 00000naa a2200000 4500 | ||
|---|---|---|---|
| 001 | 0245522 | ||
| 005 | 20180615121705.7 | ||
| 041 | 0 | |a slo | |
| 044 | |a SK | ||
| 245 | 1 | 0 | |a Hotel Lomnica, znovuzrodené kultúrne centrum Tatier |c Zlatica Kramárová, Zuzana Kovaľová |
| 520 | |a Zrekonštruovaný prvorepublikový Hotel Lomnica vykročil do nového života. Prvý rok fungovania vyhodnocuje jeho riaditeľka Zuzana Kovaľová a zároveň načrtáva jasnú líniu do budúcnosti. | ||
| 610 | 2 | 0 | |a hotely |
| 610 | 2 | 0 | |a hotelierstvo |
| 610 | 2 | 0 | |a kvalita služieb |
| 610 | 2 | 0 | |a kultúra |
| 610 | 2 | 0 | |a umenie |
| 610 | 2 | 0 | |a Slovensko |
| 100 | 1 | |a Kramárová, Zlatica | |
| 700 | 1 | |a Kovaľová, Zuzana | |